000 00415nam a2200157 i 4500
001 41615
003 ES-MaACL
005 20230906160449.0
007 t|
008 030311s1861 fr ||||1| fre d
100 1 _aCastella, Hubert de.
_936493
245 1 4 _aLes squatters Australiens /
_cHubert de Castella.
260 _aParĂ­s :
_bCh. Lahure,
_c1861.
300 _a300 p. ;
_c19 cm.
852 _aES-MaACL
_jD-4221
999 _c41615
_d41615